| 000 | 00436nam a2200121Ia 4500 | ||
|---|---|---|---|
| 008 | 160809s9999 xx 000 0 und d | ||
| 100 | _aWesner, Bradley S. | ||
| 245 | _aBefore they even think it: How high performance teams learn to anticipate critical incidents | ||
| 245 | _cBradley S. Wesner. | ||
| 260 | _bJournal of Management and Marketing Research | ||
| 650 | _xMARKETING | ||
| 856 | _uhttp://www.aabri.com/manuscripts/152342.pdf | ||
| 999 |
_c300146 _d300146 |
||